When justice failed : (Record no. 1853)

MARC details
000 -LEADER
fixed length control field 01886cam a2200445 a 4500
001 - CONTROL NUMBER
control field 1853
003 - CONTROL NUMBER IDENTIFIER
control field FISKH
005 - DATE AND TIME OF LATEST TRANSACTION
control field 20231005083205.0
008 - FIXED-LENGTH DATA ELEMENTS--GENERAL INFORMATION
fixed length control field 920528s1993 txua j 000 0beng
010 ## - LIBRARY OF CONGRESS CONTROL NUMBER
LC control number 92018086
020 ## - INTERNATIONAL STANDARD BOOK NUMBER
International Standard Book Number 0811472361 (hardcover)
020 ## - INTERNATIONAL STANDARD BOOK NUMBER
International Standard Book Number 0811480763 (softcover)
040 ## - CATALOGING SOURCE
Original cataloging agency DLC
Transcribing agency DLC
Modifying agency DLC
Language of cataloging eng
042 ## - AUTHENTICATION CODE
Authentication code lcac
043 ## - GEOGRAPHIC AREA CODE
Geographic area code n-us---
050 00 - LIBRARY OF CONGRESS CALL NUMBER
Classification number D769.8.A6
Item number C4 1993
082 00 - DEWEY DECIMAL CLASSIFICATION NUMBER
Classification number 940.53/1503956073
Edition number 20
100 1# - MAIN ENTRY--PERSONAL NAME
Personal name Chin, Steven A.,
Dates associated with a name 1959-
245 10 - TITLE STATEMENT
Title When justice failed :
Remainder of title the Fred Korematsu story /
Statement of responsibility, etc. by Steven A. Chin ; Alex Haley, general editor ; illustrations by David Tamura.
260 ## - PUBLICATION, DISTRIBUTION, ETC.
Place of publication, distribution, etc. New York :
Name of publisher, distributor, etc. Steck-Vaughn,
Date of publication, distribution, etc. 1993.
300 ## - PHYSICAL DESCRIPTION
Extent 105 pages :
Other physical details illustrations ;
Dimensions 21 cm.
440 #0 - SERIES STATEMENT/ADDED ENTRY--TITLE
Title Stories of America
505 ## - FORMATTED CONTENTS NOTE
Formatted contents note Z'<br/>
520 ## - SUMMARY, ETC.
Summary, etc. Relates the life and experiences of the Japanese American who defied the order of internment during World War II and took his case as far as the Supreme Court.
521 8# - TARGET AUDIENCE NOTE
Target audience note 960<br/>
Source Lexile<br/>
521 8# - TARGET AUDIENCE NOTE
Target audience note Z'<br/>
Source Raz-Plus<br/>
600 10 - SUBJECT ADDED ENTRY--PERSONAL NAME
Personal name Korematsu, Fred,
Dates associated with a name 1919-2005
Form subdivision Juvenile literature.
600 11 - SUBJECT ADDED ENTRY--PERSONAL NAME
Personal name Korematsu, Fred,
Dates associated with a name 1919-2005.
650 #0 - SUBJECT ADDED ENTRY--TOPICAL TERM
Topical term or geographic name entry element Japanese Americans
General subdivision Forced removal and internment, 1942-1945
Form subdivision Juvenile literature.
650 #0 - SUBJECT ADDED ENTRY--TOPICAL TERM
Topical term or geographic name entry element Japanese Americans
Form subdivision Biography
-- Juvenile literature.
650 #1 - SUBJECT ADDED ENTRY--TOPICAL TERM
Topical term or geographic name entry element Japanese Americans
General subdivision Evacuation and relocation, 1942-1945.
650 #1 - SUBJECT ADDED ENTRY--TOPICAL TERM
Topical term or geographic name entry element Japanese Americans
Form subdivision Biography.
650 #1 - SUBJECT ADDED ENTRY--TOPICAL TERM
Topical term or geographic name entry element Japanese Americans
General subdivision Reparations.
650 #1 - SUBJECT ADDED ENTRY--TOPICAL TERM
Topical term or geographic name entry element World War, 1939-1945
Geographic subdivision United States.
650 #1 - SUBJECT ADDED ENTRY--TOPICAL TERM
Topical term or geographic name entry element Prejudices.
700 1# - ADDED ENTRY--PERSONAL NAME
Personal name Tamura, David,
Relator term illustrator
906 ## - LOCAL DATA ELEMENT F, LDF (RLIN)
a 7
b cbc
c orignew
d 1
e ocip
f 19
g y-gencatlg
942 ## - ADDED ENTRY ELEMENTS (KOHA)
Source of classification or shelving scheme Dewey Decimal Classification
Koha item type Books
Suppress in OPAC No
Holdings
Withdrawn status Lost status Source of classification or shelving scheme Damaged status Not for loan Collection Home library Current library Shelving location Date acquired Total Checkouts Full call number Barcode Date last seen Price effective from Koha item type
    Dewey Decimal Classification     Non-Fiction Footprints International School Library Network Toul Kork Campus Footprints International School Library Network Toul Kork Campus   10/05/2023   CHI 940.53 D769.A6 FISTK00615 10/05/2023 10/05/2023 Books